Βασικά υλικά για κέικ 🍰 - Statistics

General Stats
  • This quiz has been taken 1 217 times
  • The average score is 5 of 8
Answer Stats
Υλικά % Correct
Αλεύρι
95%
Αυγά
87%
Ζάχαρη
84%
Γάλα
78%
Βανίλια
62%
Βούτυρο
61%
Αλάτι
39%
Μαγιά
29%
No matching quizzes found
Score Distribution
Percent of People with Each Score
Percentile by Number Answered
Your Score History
You have not taken this quiz